A study on establishment of phka romeat rice variety in rainy season at royal university of agriculture (សិក្សាពីឥទ្ធិពលនៃបច្ចេកទេសដាំដុះស្រូវផ្ការមៀតក្នុងលក្ខខណ្ឌរដូវវស្សានៅសាកលវិទ្យាល័យភូមិន្ទកសិកម្ម) (Record no. 1498)

000 -LEADER
fixed length control field 00760nam a22001577a 4500
003 - CONTROL NUMBER IDENTIFIER
control field OSt
005 - DATE AND TIME OF LATEST TRANSACTION
control field 20150930095126.0
008 - FIXED-LENGTH DATA ELEMENTS--GENERAL INFORMATION
fixed length control field 150930b xxu||||| |||| 00| 0 eng d
040 ## - CATALOGING SOURCE
Transcribing agency RUA
082 ## - DEWEY DECIMAL CLASSIFICATION NUMBER
Classification number AGR PEN 2011 B047 Or.1
100 ## - MAIN ENTRY--PERSONAL NAME
9 (RLIN) 1587
Personal name PENG, ENGLEANG.
245 ## - TITLE STATEMENT
Title A study on establishment of phka romeat rice variety in rainy season at royal university of agriculture (សិក្សាពីឥទ្ធិពលនៃបច្ចេកទេសដាំដុះស្រូវផ្ការមៀតក្នុងលក្ខខណ្ឌរដូវវស្សានៅសាកលវិទ្យាល័យភូមិន្ទកសិកម្ម)
260 ## - PUBLICATION, DISTRIBUTION, ETC. (IMPRINT)
Place of publication, distribution, etc. Phnom Penh
Name of publisher, distributor, etc. RUA
Date of publication, distribution, etc. 2011
300 ## - PHYSICAL DESCRIPTION
Extent xi, 54p.
Other physical details ill.
Dimensions 29cm.
942 ## - ADDED ENTRY ELEMENTS (KOHA)
Source of classification or shelving scheme
Koha item type AGR
Holdings
Price effective from Date last seen Permanent Location Not for loan Date acquired Source of classification or shelving scheme Koha item type Lost status Withdrawn status Date last checked out Total Checkouts Shelving location Damaged status Barcode Current Location Full call number
2015-09-302018-04-28Library Block B 2015-09-30 AGR  2016-12-161B047 RUA000875Library Block BAGR PEN 2011 B047 Or.1
2015-09-302018-08-06Library Block B 2015-09-30 AGR  2018-07-273B047 RUA000952Library Block BAGR PEN 2011 B047 Or.2
2015-09-302023-05-17Library Block B 2015-09-30 AGR  2023-05-052B047 RUA000883Library Block BAGR PEN 2011 B047 Or.3
មជ្ឈមណ្ឌលឯការនៃសាកលវិទ្យាល័យភូមិន្ទកសិកម្មចំការដូង

Powered by Koha